| 000 | 00636nam a2200241Ia 4500 | ||
|---|---|---|---|
| 005 | 20260121112100.0 | ||
| 008 | 3166 260114s9999 xx 000 0 eng d | ||
| 020 | _a9789811223112 | ||
| 037 | _aEBOOK | ||
| 040 |
_aCRL _beng _cCRL |
||
| 041 |
_aeng _2eng |
||
| 084 | _qCRL | ||
| 100 |
_aKoh Tommy Et Al _9951955 |
||
| 245 | 0 | _aAsean-Eu Partnership: the Untold Story | |
| 260 | _bWorld Scientific | ||
| 260 | _bWSPC | ||
| 260 | _c2020 | ||
| 650 |
_aSocial Sciences _9951956 |
||
| 856 | _uhttps://www.worldscientific.com/worldscibooks/10.1142/11905#t=toc | ||
| 942 | _cEBOOK | ||
| 999 |
_c1540466 _d1540466 |
||